书目信息 |
| 题名: |
怎么做课题研究
|
|
| 作者: | 费岭峰 著 | |
| 分册: | ||
| 出版信息: | 上海 华东师范大学出版社 2021 |
|
| 页数: | 258页 | |
| 开本: | 23cm | |
| 丛书名: | 大夏书系 | |
| 单 册: | ||
| 中图分类: | G632.0 | |
| 科图分类: | ||
| 主题词: | 中小学--zhong xiao xue--教育科学--科学研究 | |
| 电子资源: | ||
| ISBN: | 978-7-5760-1500-3 | |
| 000 | 00953nam 2200265 450 | |
| 001 | 2164969648 | |
| 005 | 20211112180256.93 | |
| 010 | @a978-7-5760-1500-3@dCNY58.00 | |
| 100 | @a20210524d2021 em y0chiy50 ea | |
| 101 | 0 | @achi |
| 102 | @aCN@b310000 | |
| 105 | @aak a 000yy | |
| 200 | 1 | @a怎么做课题研究@Azen me zuo ke ti yan jiu@e给教师的40个教育科研建议@f费岭峰著 |
| 210 | @a上海@c华东师范大学出版社@d2021 | |
| 215 | @a258页@c图@d23cm | |
| 225 | 2 | @a大夏书系@Ada xia shu xi@i教师专业发展 |
| 320 | @a有书目 (第251-253页) | |
| 330 | @a本书共分五章,内容包括:教育科研选题、研究思路设计、研究过程实施、研究方法运用、研究成果总结。 | |
| 410 | 0 | @12001 @a大夏书系@i教师专业发展 |
| 517 | 1 | @a给教师的40个教育科研建议@Agei jiao shi de 40 ge jiao yu ke yan jian yi |
| 606 | 0 | @a中小学@Azhong xiao xue@x教育科学@x科学研究 |
| 690 | @aG632.0@v5 | |
| 701 | 0 | @a费岭峰@Afei ling feng@4著 |
| 801 | 0 | @aCN@bBP@c20210524 |
| 905 | @aZUCC@dG632.0@e14 | |
| 怎么做课题研究:给教师的40个教育科研建议/费岭峰著.-上海:华东师范大学出版社,2021 |
| 258页:图;23cm.-(大夏书系.教师专业发展) |
| ISBN 978-7-5760-1500-3:CNY58.00 |
| 本书共分五章,内容包括:教育科研选题、研究思路设计、研究过程实施、研究方法运用、研究成果总结。 |
| ● |
| 相关链接 |
|
|
|
正题名:怎么做课题研究
索取号:G632.0/14
 
预约/预借
| 序号 | 登录号 | 条形码 | 馆藏地/架位号 | 状态 | 备注 |
| 1 | 2000880871 | 2000880871 | 第二书库/ [索取号:G632.0/14] |
已借出,限还日期为2025.09.23 借出人:李静 |
|
| 2 | 2000880872 | 2000880872 | 第二书库/ [索取号:G632.0/14] | 在馆 | |
| 3 | 2000880873 | 2000880873 | 第二书库/ [索取号:G632.0/14] | 在馆 |